000 00826nam a22002297a 4500
005 20241003154001.0
010 _aENG-141896
020 _a9788180643859
_c350.00
035 _aEN-125428
037 _bDBAD
082 _a954.0841
_21
245 _aThe Flaming Year:
_bThe Blazing Destiny/
_cEd. by Sk Ali Abbas Mamud Bibhas Biswas [and] Forword By Ranjit Sen
250 _a1
260 _aKolkata
_bProgressive Publishers
_c2022
270 _bKolkata
_a37A, College Street
_e700073
_mprogressivepubl@yahoo.co.in
_k9830305810
_k9038296630
300 _a327p.
_bIndex
_c22cm(hb)
500 _aIndia During the Quit India Movement of 1942
700 _aMamud , Sk Ali Abbas
_eEditor
_972327
700 _aBiswas, Bibhas
_eEditor
_972329
700 _aSen, Ranjit
_972331
942 _2ddc
_cEN
_mFLA
_h954.0841
999 _c206080
_d206080